00789nam a2200241 a 450000100060000000300080000600500170001400800410003102000170007203500190008904000310010804100080013908200260014710000210017324500690019425000530026326000770031630000350039350400370042865000230046565000240048870000350051269367BD-RjUL20211209081857.0170514s1969 ii a b 001 0 eng  c: IRs. 17.25 a(BD-RjUL)69578 aDLC/ICUcICUdBD-RjULbeng aeng00a637.127223bJEP 19691 aJenness, Robert.10aPrinciples of dairy chemistry /cRobert Jenness , Stuart Patton. aWiley Eastern University ed., Indian reprint ed. aNew Delhi :bWiley Eastern pvt. Ltd.,cc1959 [ Corrected Reprinting1969] aviii, 446 p. :bill. ;c24 cm. aIncludes index and bibliography. 0aMilkxComposition. 0aLait xComposition.1 aPatton, Stuart,ejoint author.